Culture and sport planning toolkit (Record no. 120782)

MARC details
000 -LEADER
fixed length control field 01442cai a22002535a 4500
001 - CONTROL NUMBER
control field E147096
008 - FIXED-LENGTH DATA ELEMENTS--GENERAL INFORMATION
fixed length control field 090331u xxk g 000 0 eng d
035 ## - SYSTEM CONTROL NUMBER
System control number (Sirsi) u147096
041 0# - LANGUAGE CODE
Language code of text/sound track or separate title eng
110 2# - MAIN ENTRY--CORPORATE NAME
Corporate name or jurisdiction name as entry element Arts Council England
245 00 - TITLE STATEMENT
Title Culture and sport planning toolkit
Medium [electronic resource]
520 ## - SUMMARY, ETC.
Summary, etc. Part of the 'Living Places' website devoted to the Culture and Sport Planning Toolkit. The Toolkit is intended to provide professionals involved in planning and development with information on integrating planning for culture and sport into their existing infrastructure. It is also hoped that it will lead to greater consistency on the part of planning authorities in assessing requirements for culture and sport, and illustrate best practice in planning cultural and sporting infrastructure.
590 ## - LOCAL NOTE (RLIN)
Local note KA
651 #4 - SUBJECT ADDED ENTRY--GEOGRAPHIC NAME
Geographic name England
Chronological subdivision 886-
690 ## - LOCAL SUBJECT ADDED ENTRY--TOPICAL TERM (OCLC, RLIN)
Topical term or geographic name as entry element Planning and development
9 (RLIN) 6259
710 2# - ADDED ENTRY--CORPORATE NAME
Corporate name or jurisdiction name as entry element English Heritage
9 (RLIN) 2714
710 2# - ADDED ENTRY--CORPORATE NAME
Corporate name or jurisdiction name as entry element Museums, Libraries and Archives Council
9 (RLIN) 5134
710 2# - ADDED ENTRY--CORPORATE NAME
Corporate name or jurisdiction name as entry element Sport England
9 (RLIN) 3763
710 2# - ADDED ENTRY--CORPORATE NAME
Corporate name or jurisdiction name as entry element United Kingdom
Subordinate unit Department for Culture Media and Sport
710 2# - ADDED ENTRY--CORPORATE NAME
Corporate name or jurisdiction name as entry element United Kingdom
Subordinate unit Department for Communities and Local Government
9 (RLIN) 4939
710 2# - ADDED ENTRY--CORPORATE NAME
Corporate name or jurisdiction name as entry element United Kingdom
Subordinate unit Homes and Communities Agency
9 (RLIN) 5686
856 40 - ELECTRONIC LOCATION AND ACCESS
Uniform Resource Identifier <a href="https://www.living-places.org.uk/culture-and-sport-planning-toolkit/about-the-toolkit/">https://www.living-places.org.uk/culture-and-sport-planning-toolkit/about-the-toolkit/</a>
Public note View the website free of charge at www.living-places.org.uk...
942 ## - ADDED ENTRY ELEMENTS (KOHA)
Suppress in OPAC 0
Holdings
Withdrawn status Lost status Source of classification or shelving scheme Damaged status Not for loan Home library Current library Shelving location Date acquired Total Checkouts Full call number Barcode Date last seen Copy number Price effective from Koha item type
    Dewey Decimal Classification     Virtual Virtual Online 31/03/2009   WEBSITE 147096-2001 06/08/2019 1 06/08/2019 Online material